Essentials of Pediatric Nursing (Record no. 142004)
[ view plain ]
| 000 -LEADER | |
|---|---|
| fixed length control field | 00409nam a2200157Ia 4500 |
| 008 - FIXED-LENGTH DATA ELEMENTS--GENERAL INFORMATION | |
| fixed length control field | 230314s9999 xx 000 0 und d |
| 020 ## - INTERNATIONAL STANDARD BOOK NUMBER | |
| International Standard Book Number | 978-93-86107-90-9 |
| 041 ## - LANGUAGE CODE | |
| Language code of text/sound track or separate title | eng |
| 082 ## - DEWEY DECIMAL CLASSIFICATION NUMBER | |
| Classification number | OG/618.1/KON/B08478 |
| 100 ## - MAIN ENTRY--PERSONAL NAME | |
| Personal name | Sharma Rimple |
| 9 (RLIN) | 179492 |
| 245 ## - TITLE STATEMENT | |
| Title | Essentials of Pediatric Nursing |
| 260 ## - PUBLICATION, DISTRIBUTION, ETC. (IMPRINT) | |
| Name of publisher, distributor, etc. | Jaypee Brothers |
| Place of publication, distribution, etc. | New Delhi |
| Date of publication, distribution, etc. | 2017 |
| 300 ## - PHYSICAL DESCRIPTION | |
| Extent | 693p |
| 906 ## - LOCAL DATA ELEMENT F, LDF (RLIN) | |
| b | GNM |
| Withdrawn status | Lost status | Damaged status | Not for loan | Collection code | Home library | Current library | Date acquired | Vendor | Cost, normal purchase price | Bill number | Total Checkouts | Total Renewals | Full call number | Barcode | Date last seen | Date last checked out | Cost, replacement price | Bill Date | Koha item type | Original Barcode |
|---|---|---|---|---|---|---|---|---|---|---|---|---|---|---|---|---|---|---|---|---|
| Smt. Bakul Tambat Institute of Nursing Education | Smt. Bakul Tambat Institute of Nursing Education | 30/03/2017 | Samutkarsh | 725.00 | 1431 | 33 | 23 | OG 618.1 KON B08482 | BTIN-BK-8482 | 25/03/2026 | 31/01/2026 | 529.25 | 30/03/2017 | Books | B08482 | |||||
| Smt. Bakul Tambat Institute of Nursing Education | Smt. Bakul Tambat Institute of Nursing Education | 12/02/2018 | Samutkarsh | 725.00 | 1431 | 1 | 2 | P 610.7362 SHA B08875 | BTIN-BK-8875 | 20/02/2026 | 30/03/2023 | 536.50 | 30/03/2017 | Books | B08875 |